[Event "IECG CP.2002.Q.00010 email"]
[Site "IECG email"]
[Date "2003.10.01"]
[Round "?"]
[White "Hallengren, Boris"]
[Black "Westermeyer, Andrew"]
[Result "1-0"]
[WhiteElo "2260"]
[BlackElo "1948"]
[PlyCount "55"]
[EventDate "2003.10.01"]
[EventType "tourn (corr)"]
[EventRounds "10"]
[SourceTitle "Corr 2008"]
[Source "ChessBase"]
[SourceDate "2008.06.24"]
[SourceVersion "1"]
[SourceVersionDate "2008.06.24"]
[SourceQuality "1"]

1. e4 c5 2. Nf3 e6 3. d4 cxd4 4. Nxd4 a6 5. Bd3 Bc5 6. Nb3 Be7 7. Qg4 g6 8. Qe2 d6 9. 0-0 Nd7 10. Rd1 Qc7 11. Be3 Ne5 12. f3 Bd7 13. Na3 Bf6 14. Qd2 Nxd3 15. cxd3 Ne7 16. Rac1 Bc6 17. Bh6 Qd8 18. d4 Ba4 19. Nc4 d5 20. Qf4 Nf5 21. exf5 dxc4 22. fxe6 fxe6 23. Rxc4 Bc6 24. Nc5 Bd5 25. Ne4 Bxe4 26. fxe4 e5 27. Qf3 Qe7 28. Rf1 1-0

[Event "IECG CP.2002.Q.00010 email"]
[Site "IECG email"]
[Date "2003.10.01"]
[Round "?"]
[White "Jenneborg, Seved"]
[Black "Westermeyer, Andrew"]
[Result "1/2-1/2"]
[WhiteElo "1311"]
[BlackElo "1948"]
[PlyCount "69"]
[EventDate "2003.10.01"]
[EventType "tourn (corr)"]
[EventRounds "10"]
[SourceTitle "Corr 2008"]
[Source "ChessBase"]
[SourceDate "2008.06.24"]
[SourceVersion "1"]
[SourceVersionDate "2008.06.24"]
[SourceQuality "1"]

1. e4 c5 2. c3 Nf6 3. e5 Nd5 4. d4 cxd4 5. cxd4 d6 6. Nf3 Nc6 7. Nc3 dxe5 8. dxe5 Be6 9. Bd2 Nxc3 10. Bxc3 Bd5 11. Be2 e6 12. 0-0 Qc7 13. Qa4 Bc5 14. b4 Bb6 15. Rac1 0-0 16. b5 Ne7 17. Bb4 Qd7 18. Qa3 Rfe8 19. Rfd1 h6 20. Qb2 Rac8 21. a4 Rxc1 22. Qxc1 Rc8 23. Qa3 Rc2 24. Rd2 Rxd2 25. Nxd2 Ng6 26. Bd6 Bd4 27. Nf3 Bxf3 28. Qxf3 Nxe5 29. Qa3 Qd8 30. Bxe5 Bxe5 31. Qc1 b6 32. g3 Qd4 33. Qc8+ Kh7 34. Qb7 Kg6 35. Qxa7 1/2-1/2

[Event "IECG CP.2002.Q.00010 email"]
[Site "IECG email"]
[Date "2003.10.01"]
[Round "?"]
[White "Westermeyer, Andrew"]
[Black "Coulombier, Stephane"]
[Result "0-1"]
[WhiteElo "1948"]
[BlackElo "2125"]
[PlyCount "72"]
[EventDate "2003.10.01"]
[EventType "tourn (corr)"]
[EventRounds "10"]
[SourceTitle "Corr 2008"]
[Source "ChessBase"]
[SourceDate "2008.06.24"]
[SourceVersion "1"]
[SourceVersionDate "2008.06.24"]
[SourceQuality "1"]

1. e4 e5 2. Bc4 Nf6 3. d4 exd4 4. Nf3 Nc6 5. e5 Ne4 6. Bd5 Nc5 7. c3 dxc3 8. Nxc3 Be7 9. Be3 0-0 10. Qe2 Nb4 11. 0-0-0 c6 12. Bxc5 Bxc5 13. Bb3 d5 14. exd6 Bxd6 15. Ne4 Nd5 16. Nxd6 Qxd6 17. Bc2 Qf4+ 18. Kb1 Bg4 19. Rhe1 g6 20. Bb3 Rad8 21. Qe5 Qxe5 22. Rxe5 Nb4 23. Rxd8 Rxd8 24. a3 Bxf3 25. gxf3 Nd5 26. Bxd5 Rxd5 27. Re7 b5 28. Rxa7 Rh5 29. Rc7 Rxh2 30. Rxc6 h5 31. Rc5 h4 32. Rxb5 h3 33. Rb4 g5 34. Rb6 Kg7 35. f4 g4 36. Rb5 Rg2 0-1

[Event "IECG CP.2002.Q.00010 email"]
[Site "IECG email"]
[Date "2003.10.01"]
[Round "?"]
[White "Westermeyer, Andrew"]
[Black "Scarani, Antonio"]
[Result "0-1"]
[WhiteElo "1948"]
[BlackElo "2065"]
[PlyCount "98"]
[EventDate "2003.10.01"]
[EventType "tourn (corr)"]
[EventRounds "10"]
[SourceTitle "Corr 2008"]
[Source "ChessBase"]
[SourceDate "2008.06.24"]
[SourceVersion "1"]
[SourceVersionDate "2008.06.24"]
[SourceQuality "1"]

1. e4 e5 2. Bc4 Nf6 3. d4 exd4 4. Nf3 Nc6 5. e5 d5 6. Bb5 Ne4 7. Nxd4 Bd7 8. Bxc6 bxc6 9. Be3 c5 10. Nb3 d4 11. Bf4 Ng5 12. c4 Ne6 13. Bg3 h5 14. h4 Be7 15. N1d2 g6 16. Ne4 Bc6 17. Qe2 0-0 18. Na5 Ba4 19. 0-0 Rb8 20. b3 Bd7 21. f4 Ng7 22. Ng5 Nf5 23. Bf2 c6 24. e6 Qxa5 25. exd7 Qc7 26. g4 hxg4 27. Qxg4 Nh6 28. Qh3 Rbd8 29. Rae1 Qxd7 30. Qg2 Kh8 31. Nf3 f6 32. Re4 Bd6 33. b4 Nf5 34. Kh1 Qh7 35. bxc5 Bxc5 36. Re6 Qd7 37. Rfe1 Bb4 38. R1e4 Nd6 39. Rxd6 Bxd6 40. Nxd4 Bc5 41. Ne6 Bxf2 42. Nxd8 Qd1+ 43. Kh2 Rxd8 44. Qxg6 Bg1+ 45. Qxg1 Rd2+ 46. Qg2 Rxg2+ 47. Kxg2 f5 48. Re8+ Kh7 49. Re7+ Kg6 0-1

[Event "CFriend SI-2003-0-00008 email"]
[Site "Chessfriend.com"]
[Date "2003.06.06"]
[Round "?"]
[White "Meijer, Kees"]
[Black "Westermeyer, Andrew"]
[Result "1/2-1/2"]
[WhiteElo "1752"]
[BlackElo "1878"]
[PlyCount "100"]
[EventDate "2003.06.06"]
[EventType "tourn (corr)"]
[EventRounds "12"]
[SourceTitle "Corr 2008"]
[Source "ChessBase"]
[SourceDate "2008.06.24"]
[SourceVersion "1"]
[SourceVersionDate "2008.06.24"]
[SourceQuality "1"]

1. e4 c5 2. c3 Nf6 3. e5 Nd5 4. d4 cxd4 5. Nf3 e6 6. cxd4 d6 7. a3 Bd7 8. Bd3 Bc6 9. 0-0 Nd7 10. b4 a6 11. Re1 Be7 12. Nbd2 Qc7 13. Bb2 Nf4 14. exd6 Bxd6 15. Be4 0-0 16. Rc1 Nd5 17. Ne5 N7f6 18. Bf3 Rac8 19. g3 Bxe5 20. dxe5 Nd7 21. Nc4 Rcd8 22. Qb3 N7b6 23. Na5 Ne7 24. Nxc6 Nxc6 25. Bxc6 bxc6 26. Qc2 Rc8 27. Qd3 Qb7 28. Red1 Nd5 29. Qc2 Rfd8 30. f4 Qb5 31. Bd4 a5 32. bxa5 Qxa5 33. Bc5 Rd7 34. Rd4 Rb7 35. Ra4 Qb5 36. Rc4 g6 37. Bd4 Qb3 38. Qxb3 Rxb3 39. Bc5 Nb6 40. Rb4 Rxb4 41. axb4 Nd7 42. Bd6 h5 43. b5 c5 44. Rb1 Nb6 45. Ra1 c4 46. Ra6 c3 47. Rxb6 c2 48. Ba3 c1Q+ 49. Bxc1 Rxc1+ 50. Kg2 Rc2+ 1/2-1/2

[Event "CFriend SI-2003-0-00008 email"]
[Site "Chessfriend.com"]
[Date "2003.06.06"]
[Round "?"]
[White "Westermeyer, Andrew"]
[Black "Billion, Paul"]
[Result "1-0"]
[WhiteElo "1878"]
[BlackElo "1992"]
[PlyCount "57"]
[EventDate "2003.06.06"]
[EventType "tourn (corr)"]
[EventRounds "12"]
[SourceTitle "Corr 2008"]
[Source "ChessBase"]
[SourceDate "2008.06.24"]
[SourceVersion "1"]
[SourceVersionDate "2008.06.24"]
[SourceQuality "1"]

1. d4 Nf6 2. Bg5 e6 3. Nd2 d5 4. Ngf3 Nc6 5. e4 Be7 6. e5 Nd7 7. h4 h6 8. Bxe7 Qxe7 9. c3 b6 10. Bb5 Bb7 11. Qa4 Ncb8 12. 0-0 0-0 13. Rfe1 a6 14. Bd3 Nc6 15. Qc2 f5 16. exf6 Nxf6 17. Nf1 Rae8 18. Bg6 Rd8 19. Qe2 Bc8 20. Ng3 Na7 21. Nf5 Qd7 22. Ne5 Qb5 23. Ne7+ Kh8 24. Bd3 Qe8 25. N5g6+ Kh7 26. Nxf8+ Kh8 27. Nfg6+ Kh7 28. Nxc8 Nxc8 29. Qxe6 1-0

[Event "CFriend SI-2003-0-00008 email"]
[Site "Chessfriend.com"]
[Date "2003.06.06"]
[Round "?"]
[White "Westermeyer, Andrew"]
[Black "Dehaybe, Andre"]
[Result "1/2-1/2"]
[WhiteElo "1946"]
[BlackElo "1829"]
[PlyCount "78"]
[EventDate "2003.06.06"]
[EventType "tourn (corr)"]
[EventRounds "12"]
[SourceTitle "Corr 2008"]
[Source "ChessBase"]
[SourceDate "2008.06.24"]
[SourceVersion "1"]
[SourceVersionDate "2008.06.24"]
[SourceQuality "1"]

1. d4 Nf6 2. Bg5 h6 3. Bxf6 exf6 4. e3 d5 5. c4 Bb4+ 6. Nc3 Nc6 7. Nf3 Be6 8. Qb3 0-0 9. a3 Bxc3+ 10. Qxc3 a6 11. Bd3 dxc4 12. Bxc4 Bd5 13. Bxd5 Qxd5 14. 0-0 Rfe8 15. Rac1 Rad8 16. Qc4 f5 17. Qxd5 Rxd5 18. g3 Kh7 19. Kg2 g5 20. Rfe1 a5 21. h4 f6 22. Rc3 a4 23. Rec1 Kg6 24. Ne1 Ra8 25. Rc5 Rxc5 26. Rxc5 Ra6 27. Nd3 Ra5 28. Kf3 h5 29. d5 Rxc5 30. Nxc5 Ne7 31. e4 fxe4+ 32. Kxe4 gxh4 33. gxh4 Nf5 34. Nxb7 Nxh4 35. Nc5 f5+ 36. Ke3 Kg5 37. Nxa4 Kg4 38. Nc3 Ng6 39. Ne2 Ne5 1/2-1/2

[Event "CFriend SI-2003-0-00008 email"]
[Site "Chessfriend.com"]
[Date "2003.06.06"]
[Round "?"]
[White "Westermeyer, Andrew"]
[Black "Lautenbach, Aljoscha"]
[Result "0-1"]
[WhiteElo "1881"]
[BlackElo "1703"]
[PlyCount "82"]
[EventDate "2003.06.06"]
[EventType "tourn (corr)"]
[EventRounds "12"]
[SourceTitle "Corr 2008"]
[Source "ChessBase"]
[SourceDate "2008.06.24"]
[SourceVersion "1"]
[SourceVersionDate "2008.06.24"]
[SourceQuality "1"]

1. d4 Nf6 2. Bg5 d5 3. Bxf6 exf6 4. e3 Bd6 5. Bd3 0-0 6. Nd2 c6 7. Qf3 Nd7 8. Ne2 Nb6 9. g4 Be6 10. h4 c5 11. Bf5 c4 12. h5 Qd7 13. Bxe6 fxe6 14. Nf4 Na4 15. h6 g6 16. b3 cxb3 17. cxb3 Nc3 18. 0-0 e5 19. Nxd5 e4 20. Nxe4 Nxd5 21. Rac1 f5 22. Nxd6 Qxd6 23. Rc5 Rad8 24. Rfc1 fxg4 25. Qxg4 Rf5 26. Qh4 Rdf8 27. Rc8 Rh5 28. Rxf8+ Qxf8 29. Qg4 Qe7 30. Rc8+ Kf7 31. Kf1 Rf5 32. Ke1 Nxe3 33. Qe2 Qb4+ 34. Qd2 Ng2+ 35. Kd1 Qxd2+ 36. Kxd2 Rxf2+ 37. Kc3 g5 38. Rc7+ Kg6 39. Rxb7 Rxa2 40. d5 Ra5 41. d6 Rd5 0-1

[Event "IECG CB.2003.0.00081 email"]
[Site "IECG email"]
[Date "2003.05.20"]
[Round "?"]
[White "Westermeyer, Andrew"]
[Black "Yagiz, Yasin Emrah"]
[Result "0-1"]
[WhiteElo "1976"]
[BlackElo "1800"]
[PlyCount "80"]
[EventDate "2003.05.20"]
[EventType "tourn (corr)"]
[EventRounds "6"]
[SourceTitle "Corr 2008"]
[Source "ChessBase"]
[SourceDate "2008.06.24"]
[SourceVersion "1"]
[SourceVersionDate "2008.06.24"]
[SourceQuality "1"]

1. d4 Nf6 2. Bg5 d5 3. Bxf6 exf6 4. e3 Bd6 5. g3 0-0 6. Bg2 c6 7. Nd2 f5 8. Ne2 Nd7 9. 0-0 Nf6 10. c4 dxc4 11. Nxc4 Bc7 12. Nc3 Be6 13. Qe2 Qe7 14. Ne5 Bxe5 15. dxe5 Nd7 16. f4 f6 17. exf6 Nxf6 18. e4 Qc5+ 19. Qf2 Qxf2+ 20. Rxf2 fxe4 21. Nxe4 Nxe4 22. Bxe4 Rad8 23. a3 Bg4 24. Bf3 Bxf3 25. Rxf3 Rd2 26. Rf2 Rfd8 27. Re1 Kf7 28. Rfe2 Rxe2 29. Rxe2 c5 30. Kf2 Rd3 31. Re3 Rd2+ 32. Re2 Rxe2+ 33. Kxe2 Ke6 34. Kd3 Kd5 35. g4 c4+ 36. Kc3 Ke4 37. f5 Kf4 38. h3 h6 39. Kd4 Kg3 40. Ke5 Kxh3 0-1

[Event "CFriend SI-2003-0-00004 email"]
[Site "Chessfriend.com"]
[Date "2003.02.27"]
[Round "?"]
[White "Westermeyer, Andrew"]
[Black "Kiruhin, Alexandr"]
[Result "1/2-1/2"]
[WhiteElo "1976"]
[BlackElo "1735"]
[PlyCount "57"]
[EventDate "2003.02.27"]
[EventType "tourn (corr)"]
[EventRounds "12"]
[SourceTitle "Corr 2008"]
[Source "ChessBase"]
[SourceDate "2008.06.24"]
[SourceVersion "1"]
[SourceVersionDate "2008.06.24"]
[SourceQuality "1"]

1. c4 e5 2. e3 Nf6 3. Nc3 Nc6 4. a3 d5 5. cxd5 Nxd5 6. Qc2 Nxc3 7. dxc3 Be6 8. e4 Bc5 9. Nf3 0-0 10. Bb5 a6 11. Bxc6 bxc6 12. Nxe5 Qf6 13. Nd3 Bb6 14. 0-0 Rad8 15. Be3 Bc4 16. Rfd1 Bxe3 17. fxe3 Rfe8 18. b3 Bxd3 19. Rxd3 Rxd3 20. Qxd3 Rd8 21. Qc4 Rd2 22. Rf1 Qg6 23. g3 Qh5 24. h4 Qg6 25. Kh1 h6 26. g4 Rd7 27. Rf4 Qd6 28. Kg2 Qd2+ 29. Rf2 1/2-1/2

[Event "IECG LB.2001.0.00001 email"]
[Site "IECG email"]
[Date "2001.07.08"]
[Round "?"]
[White "Kulczycki, Michael"]
[Black "Westermeyer, Andrew"]
[Result "1/2-1/2"]
[WhiteElo "1841"]
[BlackElo "1960"]
[PlyCount "43"]
[EventDate "2001.07.08"]
[EventType "tourn (corr)"]
[EventRounds "14"]
[SourceTitle "Corr 2008"]
[Source "ChessBase"]
[SourceDate "2008.06.24"]
[SourceVersion "1"]
[SourceVersionDate "2008.06.24"]
[SourceQuality "1"]

1. d4 Nf6 2. c4 e6 3. Nc3 Bb4 4. Qc2 0-0 5. a3 Bxc3+ 6. Qxc3 b6 7. Bg5 Bb7 8. f3 h6 9. Bh4 d5 10. e3 Nbd7 11. cxd5 Nxd5 12. Bxd8 Nxc3 13. Bh4 Nd5 14. Bf2 f5 15. Bb5 c6 16. Bd3 c5 17. Ne2 e5 18. Bb5 N5f6 19. Rd1 cxd4 20. exd4 Rac8 21. dxe5 Nxe5 22. Bd4 1/2-1/2

[Event "IECG C1.2000.0.00274"]
[Site "IECG email"]
[Date "2000.04.09"]
[Round "?"]
[White "Navarro Torres, Pedro Manuel"]
[Black "Westermeyer, Andrew"]
[Result "1-0"]
[WhiteElo "2118"]
[BlackElo "1960"]
[PlyCount "73"]
[EventDate "2000.04.09"]
[EventType "tourn (corr)"]
[EventRounds "5"]
[SourceTitle "Corr 2008"]
[Source "ChessBase"]
[SourceDate "2008.06.24"]
[SourceVersion "1"]
[SourceVersionDate "2008.06.24"]
[SourceQuality "1"]

1. e4 c5 2. Nc3 d6 3. f4 g6 4. Nf3 Nc6 5. Bc4 Bg7 6. d3 Nf6 7. 0-0 Bg4 8. h3 Bxf3 9. Qxf3 0-0 10. Be3 Rc8 11. Qf2 a6 12. a4 Re8 13. f5 Ne5 14. Ba2 b6 15. fxg6 hxg6 16. d4 Nc6 17. dxc5 bxc5 18. g4 Qd7 19. g5 Qxh3 20. gxf6 Bxf6 21. Nd5 Ne5 22. Qg2 Qxg2+ 23. Kxg2 Ng4 24. Bd2 Kg7 25. Kg3 Ne5 26. Nxf6 exf6 27. Bd5 Nc6 28. Rf2 Nb4 29. Bc3 Nxd5 30. exd5 Re3+ 31. Rf3 Rxf3+ 32. Kxf3 Rh8 33. Rf1 Rh5 34. Ke4 Re5+ 35. Bxe5 fxe5 36. c3 f5+ 37. Kd3 1-0

[Event "IECG L1.1999.0.00001 email"]
[Site "IECG email"]
[Date "1999.05.28"]
[Round "?"]
[White "Westermeyer, Andrew"]
[Black "Makowiecki, Zbigniew"]
[Result "1/2-1/2"]
[WhiteElo "1969"]
[BlackElo "2000"]
[PlyCount "91"]
[EventDate "1999.05.28"]
[EventType "tourn (corr)"]
[EventRounds "14"]
[SourceTitle "Corr 2008"]
[Source "ChessBase"]
[SourceDate "2008.06.24"]
[SourceVersion "1"]
[SourceVersionDate "2008.06.24"]
[SourceQuality "1"]

1. e4 c5 2. c3 g6 3. d4 cxd4 4. cxd4 Bg7 5. Nc3 d6 6. Nf3 Nf6 7. Bc4 0-0 8. h3 Nc6 9. 0-0 a6 10. Ng5 b5 11. Bb3 h6 12. Nf3 b4 13. Nd5 Nxd5 14. Bxd5 Bb7 15. Be3 Rc8 16. Qd2 Kh7 17. Rac1 a5 18. Bb3 e5 19. dxe5 Nxe5 20. Nxe5 dxe5 21. Qxd8 Rfxd8 22. f3 Ba6 23. Rxc8 Rxc8 24. Rd1 Bb5 25. Bxf7 Rc2 26. Rd2 Rxd2 27. Bxd2 Bf8 28. Be3 Kg7 29. Bd5 Kf6 30. b3 a4 31. bxa4 Bxa4 32. Kf2 g5 33. g3 Bd6 34. g4 Bb5 35. Kg3 Be2 36. h4 Bf1 37. Kf2 Bb5 38. h5 Ke7 39. Ke1 Kd7 40. Kd2 Kc7 41. Ba7 Ba6 42. Bb3 Kc6 43. Ba4+ Kc7 44. Be3 Bc4 45. Bb3 Bb5 46. Bd5 1/2-1/2

[Event "IECG L1.1999.0.00001 email"]
[Site "IECG email"]
[Date "1999.05.28"]
[Round "?"]
[White "Westermeyer, Andrew"]
[Black "Nava Baro, Enrique"]
[Result "0-1"]
[WhiteElo "1969"]
[BlackElo "2139"]
[PlyCount "52"]
[EventDate "1999.05.28"]
[EventType "tourn (corr)"]
[EventRounds "14"]
[SourceTitle "Corr 2008"]
[Source "ChessBase"]
[SourceDate "2008.06.24"]
[SourceVersion "1"]
[SourceVersionDate "2008.06.24"]
[SourceQuality "1"]

1. e4 c5 2. c3 d5 3. exd5 Qxd5 4. d4 Nf6 5. Nf3 Bg4 6. Be2 e6 7. 0-0 Nc6 8. Na3 cxd4 9. Nb5 Rc8 10. Nbxd4 Nxd4 11. Nxd4 Bxe2 12. Qxe2 a6 13. Bf4 Be7 14. Rfd1 0-0 15. Rd3 Rfd8 16. Be5 Qa5 17. a3 Rd5 18. Re1 Nd7 19. Bxg7 Kxg7 20. b4 Qc7 21. Nxe6+ fxe6 22. Rxd5 exd5 23. Qxe7+ Kh8 24. Qf7 Nf8 25. Qxd5 Qxc3 26. g3 Qxe1+ 0-1

[Event "IECG L1.1999.0.00001 email"]
[Site "IECG email"]
[Date "1999.05.28"]
[Round "?"]
[White "Westermeyer, Andrew"]
[Black "Schoenbuchner, Gerhard"]
[Result "0-1"]
[WhiteElo "1969"]
[BlackElo "2088"]
[PlyCount "106"]
[EventDate "1999.05.28"]
[EventType "tourn (corr)"]
[EventRounds "14"]
[SourceTitle "Corr 2008"]
[Source "ChessBase"]
[SourceDate "2008.06.24"]
[SourceVersion "1"]
[SourceVersionDate "2008.06.24"]
[SourceQuality "1"]

1. e4 e5 2. Nf3 Nc6 3. d4 exd4 4. Bc4 Nf6 5. 0-0 Nxe4 6. Re1 d5 7. Bxd5 Qxd5 8. Nc3 Qa5 9. Nxe4 Be6 10. Neg5 0-0-0 11. Nxe6 fxe6 12. Rxe6 Qf5 13. Qe2 h6 14. Bd2 Qxc2 15. Rc1 Qxb2 16. Rexc6 bxc6 17. Qe6+ Kb8 18. Qe4 d3 19. Ne5 Ka8 20. Nxc6 Qb7 21. Rc3 Bc5 22. Rxc5 Rhe8 23. Qc4 Qb1+ 24. Qc1 Qxc1+ 25. Rxc1 Rd6 26. Na5 Rb6 27. Nb3 Ra6 28. Na5 Re5 29. Rxc7 Raxa5 30. Bxa5 Rxa5 31. Rd7 Rxa2 32. g3 Kb8 33. Rxd3 Rc2 34. h4 a5 35. Kg2 a4 36. Kf3 Rc4 37. g4 Kc7 38. Kg3 Rb4 39. f3 Rb3 40. Rd4 a3 41. Ra4 g5 42. hxg5 hxg5 43. Kg2 Kb6 44. Ra8 Kc5 45. Kf2 Kb4 46. Ra7 Rb2+ 47. Ke3 a2 48. Ke4 Rc2 49. Kd3 Rc3+ 50. Kd4 Ra3 51. Rb7+ Ka4 52. Kc4 Rc3+ 53. Kxc3 a1Q+ 0-1

[Event "IECG L1.1999.0.00001 email"]
[Site "IECG email"]
[Date "1999.05.28"]
[Round "?"]
[White "Westermeyer, Andrew"]
[Black "Trottier, Yves"]
[Result "1/2-1/2"]
[WhiteElo "1969"]
[BlackElo "2000"]
[PlyCount "37"]
[EventDate "1999.05.28"]
[EventType "tourn (corr)"]
[EventRounds "14"]
[SourceTitle "Corr 2008"]
[Source "ChessBase"]
[SourceDate "2008.06.24"]
[SourceVersion "1"]
[SourceVersionDate "2008.06.24"]
[SourceQuality "1"]

1. e4 e5 2. Nf3 Nf6 3. d4 Nxe4 4. Bd3 Nc6 5. Nxe5 Nc5 6. Bc4 Nxe5 7. dxe5 Ne6 8. 0-0 d6 9. f4 dxe5 10. Qxd8+ Nxd8 11. Re1 Nc6 12. Bb5 Bd7 13. Bxc6 Bxc6 14. Rxe5+ Kd7 15. Nc3 Bd6 16. Re2 Rae8 17. Be3 Re7 18. Rae1 Rhe8 19. Kf2 1/2-1/2